01384nam a2200421 a 450000100060000000300080000600500170001400600190003100700150005000800410006502000180010603500230012403500240014703500250017103500210019604000260021705000260024308000080026908000110027708200150028810000350030324500850033826000340042330000110045744000400046853301640050865000260067265000270069865000220072565000370074765000260078465300130081065300140082365500270083771000190086485600620088399900170094573682FlNmELB20241217143506.0m o d | cr cn|||||||||201007r2008 sp |||||s|||||||||||spa d z9788481649635 a(MiAaPQ)EBC3189639 a(Au-PeEL)EBL3189639 a(CaPaEBR)ebr10398374 a(OCoLC)928983105 aFlNmELBbspacFlNmELB 4aBX1795.S35bF365 2008 a215 a001.9204a261.552221 aFernández-Rañada, Antonio.14aLos científicos y Diosh[recurso electronico] /cAntonio Fernández-Rañada. aMadrid :bTrotta,cD.L. 2008. a285 p. 0aEstructuras y procesos.pReligión aRecurso electrónico. Santa Fe, Arg.: e-libro, 2015. Disponible vía World Wide Web. El acceso puede estar limitado para las bibliotecas afiliadas a e-libro. 4aReligión y ciencia. 4aFilosofía y Ciencia. 4aDiosxExistencia. 4aCienciaxObras de divulgación. 4aReligion and science. aReligion aFilosofia 4aLibros electrónicos.2 ae-libro, Corp.40uhttps://elibro.net/ereader/politecnicointernacional/53687 c73682d73682